000 00368nam a2200133Ia 4500
008 220217s9999||||xx |||||||||||||| ||und||
020 _a0-07-460040-0
082 _a621.381 5 BAP
100 _aBapat, Y.N
245 0 _aElectronic circuits and systems: Anolog and digital
260 _aTata mcgraw hill
_bNew Delhi
_c1992
300 _b145
650 _aCIRCUITRY
999 _c165560
_d165560